| 000 | 00661nam a2200217 a 4500 | ||
|---|---|---|---|
| 005 | 20220622063624.0 | ||
| 008 | 140331s2001 es r 000 0 spa d | ||
| 020 | _a8421641638 | ||
| 035 | _aUPN01000196662 | ||
| 049 | _aI | ||
| 050 | 4 |
_aPZ76.3 _bB3.42 |
|
| 100 | 1 |
_aBabarro González, Xoán, _d1947- _935497 |
|
| 245 | 1 | 3 |
_aLa estrella bonita / _cXoán Babarro ; il. Ma. Luisa Torcida. |
| 260 |
_aMadrid : _bBruño, _cc2001. |
||
| 300 |
_a[21] p., [1] h. pleg., [2] h. calcomanías : _bil. col. |
||
| 440 | 0 | _aPega- T | |
| 500 | _aDatos tomados de la cubierta | ||
| 650 | 0 |
_aAnimales _vCuentos y leyendas _9234 |
|
| 905 | _aInfantil | ||
| 999 |
_c168763 _d168763 |
||